000 00429nam a2200181Ia 4500
005 20250425161212.0
008 250425s9999 xx 000 0 und d
041 _aeng
082 _a604.24
100 _aFARMER, J. HAROLD
245 0 _aILLUSTRATING FOR TOMORROW'S PRODUCTION
250 _a1ST ED.
260 _aEstados Unidos
_bMACMILLAN
_c1950
260 _aNEW YORK
300 _a203
942 _c01
010 _a14949
999 _c204450
_d204450